000 01094nam a2200253 a 4500
001 45089
003 BD-RjUL
005 20211209053948.0
008 160723s1935 enk 000 0 eng d
035 _a(BD-RjUL)45207
040 _aBD-RjUL
_beng
_cBD-RjUL
041 _aeng
082 _223
_a382.099
_bCOM 1935
245 0 0 _aCommodity control in the Pacific area :
_ba symposium on recent experience /
_cedited by W.L. Holland ; contributors Joseph S. Davis ... et al.
260 _aLondon :
_bGeorge Allen & Unwin,
_c1935
300 _a452 p. :
_bill. ;
_c24 cm
500 _aContains, in revised and enlarged form, documents prepared for the Banff conference of the Institute of Pacific Relations held in August 1933, together with seven entirely new essays. Pref.
650 _aEconomic policy.
_vIndustrial organization.
_9138122
650 _aPacific Ocean
_vCommerce.
_9138123
700 1 _aHolland, W. L.
_q(William Lancelot),
_d1907-
_9138124
700 1 _aDavis, Joseph Stancliffe,
_d1885-1975
_9138125
710 2 _aInstitute of Pacific Relations.
_9129994
942 _2ddc
_cBK
999 _c45089
_d45089